Central Library OPAC University of Rajshahi

Physics in botany / (Record no. 72570)

MARC details
000 -LEADER
fixed length control field 00648nam a2200229 a 4500
001 - CONTROL NUMBER
control field 72570
003 - CONTROL NUMBER IDENTIFIER
rucl marc code BD-RjUL
005 - DATE AND TIME OF LATEST TRANSACTION
control field 20211209082258.0
008 - FIXED-LENGTH DATA ELEMENTS--GENERAL INFORMATION
fixed length control field 170521s1964 enka 001 0 eng d
035 ## - SYSTEM CONTROL NUMBER
System control number (BD-RjUL)72788
040 ## - CATALOGING SOURCE
Original cataloging agency CSU
Modifying agency EUX
Language of cataloging eng
Transcribing agency BD-RjUL
041 ## - LANGUAGE CODE
Language code of text/sound track or separate title eng
082 ## - DEWEY DECIMAL CLASSIFICATION NUMBER
Edition number 23
Classification number 580
Author mark and year RIP 1964
100 1# - MAIN ENTRY--PERSONAL NAME
Personal name Richardson, J. A.
Fuller form of name (John Alan)
9 (RLIN) 214654
245 10 - TITLE STATEMENT
Title Physics in botany /
Statement of responsibility, etc. J. A. Richardson
260 ## - PUBLICATION, DISTRIBUTION, ETC. (IMPRINT)
Place of publication, distribution, etc. London :
Name of publisher, distributor, etc. I. Pitman,
Date of publication, distribution, etc. c1964
300 ## - PHYSICAL DESCRIPTION
Pagination ix, 325 p. :
Illustrations ill. ;
Size 23 cm
650 #0 - SUBJECT ADDED ENTRY--TOPICAL TERM
Topical term or geographic name as entry element Botany
9 (RLIN) 214655
Topical term or geographic name as entry element Biophysics
9 (RLIN) 204419
830 #0 - SERIES ADDED ENTRY--UNIFORM TITLE
Uniform title Applied physics (Marcel Dekker, Inc.)
942 ## - ADDED ENTRY ELEMENTS (KOHA)
Source of classification or shelving scheme Dewey Decimal Classification
Koha item type Books
Holdings
Lost status Source of classification or shelving scheme Damaged status Not for loan Collection code Permanent Location Current Location Shelving location Date acquired Source of acquisition Total Checkouts Full call number Date last seen Copy number Koha item type
  Dewey Decimal Classification   Not For Loan Non-fiction Central Library, University of Rajshahi Central Library, University of Rajshahi Reading Room 01/07/1966 Asia Foundation   580 RIP 1964 21/05/2017 C-1 Books